Stile di vita della famiglia cristiana (Record n. 210519)

Dettagli MARC
000 -LEADER
campo di controllo lung. fissa 01734nam a2200241Ia 4500
001 - Numero di controllo
campo di controllo b6518-46639
003 - Identificatore del numero di controllo
campo di controllo IT-MiCISF
005 - Data e orario dell'ultima transazione
campo di controllo 20250502124333.0
008 - Elementi di lunghezza fissa--Informazione generale
campo di controllo lung. fissa 161014s9999||||xx |||||||||||||| ||und||
040 ## - Fonte della catalogazione
Agenzia catalografica originale IT-MiCISF
Agenzia che fa la trascrizione IT-MiCISF
041 ## - Codice di lingua
Codice di lingua del testo/traccia sonora o titolo separato it
100 ## - Accesso principale -- nome di persona
Nome di persona Nicolli Sergio (a cura di)
9 (RLIN) 59891
245 #0 - Formulazione del titolo
Titolo Stile di vita della famiglia cristiana
260 ## - Pubblicazione, distribuzione, ecc. (stampa)
Luogo di pubblicazione, distribuzione, ecc. Siena,
Nome dell'editore, distributore, ecc. Cantagalli,
Data di pubblicazione, distribuzione, ecc. 2009
300 ## - Descrizione fisica
Estensione pp. 372
500 ## - Nota generale
Nota generale famiglia, religione, stile-di-vita, pastorale-familiare, spiritualità-familiare, patristica, amore-coniugale
520 ## - Riassunto, ecc.
Nota di riassunto, ecc. Da cosa si riconosce l'impronta cristiana di una famiglia? Certamente dal fatto che prega, che va a Messa, che vive un cammino formativo nella comunità cristiana. Ma è uno stile che deve caratterizzare un po' alla volta la vita quotidiana in tutte le sue espressioni: dalla fede e dall'incontro quotidiano con il Signore dovrebbero assumere un'impronta originale le relazioni tra gli sposi, con i figli, con la comunità ecclesiale e civile; dovrebbe cambiare in modo graduale anche il rapporto con i beni materiali, con il denaro, con il tempo e con gli impegni della vita quotidiana. Tutte queste tematiche sono state oggetto di interventi di grande spessore nel corso delle Settimane di studio sulla spiritualità coniugale tenutesi nel biennio 2007-08, di cui questo volume presenta gli atti.
650 ## - Accesso aggiunto di soggetto--termine topico
Termine topico o nome geografico come accesso Pastorale-familiare
Termine di ruolo 012
654 ## - Accesso aggiunto di soggetto--termini topici faccettati
Termine principale atti
700 ## - Accesso aggiunto--nome di persona
Nome di persona Nicolli S., Tortalla E. e M., Brambilla F.G., Belletti F., Di Nicola G.P., Danese A., Totaro F., Guarinelli S., Zattoni M.,
-- Gillini G., Bartolini E.L., Rota Scalabrini P., Genovese A., Siviglia Sammartino I., Mariorano S., Noriega J., Dianich S.
9 (RLIN) 62126
942 ## - Dati aggiuntivi (Koha)
Tipo copia default (Koha) LIBRO
Fonte della classificazione o dello schema di collocazione (segnatura) Dewey Decimal Classification
999 ## - Sys Number locale (Koha)
Koha Dewey Subclass [OBSOLETE] si
Dati di copia
Ritirato (status) Perso (status) Danneggiato (status) Non per il presito Biblioteca proprietaria Biblioteca in cui si trova Data d'acquisizione Totale prestiti Collocazione Data ultima operazione Prezzo in vigore dal Tipo copia default (Koha) Nota pubblica
    Buone Condizioni Not For Loan CISF - Milano CISF - Milano 14/10/2016   b6518-46639 14/10/2016 14/10/2016 LIBRO Data import 15.10.2016 / by Epidotti, Vaglietti
CREDITS: SOCIETA' SAN PAOLO Via A.Severo, 58 - ROMA (RM) & PERIODICI SAN PAOLO SRL Via Giotto, 36 MILANO & CISF Via Giotto, 36 MILANO & EDIZIONI SAN PAOLO SRL,  Piazza Soncino, 5 CINISELLO BALSAMO (MI) -- ITALY